O ano da peste negra (Registo nº 296)

Detalhes MARC
000 -Etiqueta do registo
Cabeçalho 00933nam0a2200277 4500
005 - Identificador da versão
Campo de controlo 20240813121759.0
021 ## - Número do Depósito Legal
Código do país PT
Número 13 693/86
100 ## - Dados gerais de processamento
Dados gerais de processamento 20150806d1987 a e0pory5003 ba
102 ## - Pais de publicação ou produção
País de publicação Portugal
101 0# - Língua de publicação
Língua do texto, banda sonora, etc. Português
215 ## - Descrição física 
Indicação específica da natureza do documento e extensão da espécie 109, [13] p.
Outras indicações físicas il.
200 1# - Titulo e menção de responsabilidade
Título próprio O ano da peste negra
Primeira menção de responsabilidade Ana Maria Magalhães, Isabel Alçada
Outras menções de responsabilidade il. Pedro Morais
225 2# - Colecção 
Título próprio da colecção Viagens no tempo
Indicação de volume 3
205 ## - Menção da edição
Menção da edição 2ª ed
210 ## - Publicação, Distribuição, etc. 
Lugar da edição, distribuição, etc. Lisboa
Nome do editor, distribuidor, etc. Caminho
Data da publicação, distribuição, etc. 1986
Data da impressão imp. 1987
314 ## - Notas relativas a responsabilidade intelectual 
Texto da nota Isabel Alçada é pseudónimo de Maria Isabel Girão de Melo Veiga Vilar
606 ## - Nome comum usado como assunto
Número de registo de entrada de autoridade 0002024
Palavra de ordem Literatura portuguesa
Subdivisão de assunto Romances históricos
Código do sistema CA
675 ## - Classificação Decimal Universal (CDU)
Notação 821.134.3-311.6
Edição 3ª ed.
Língua da edição por
702 #1 - Nome de autor-pessoa física (responsabilidade secundária)
Número de registo de entrada de autoridade 0002363
Palavra de ordem Morais
Outra parte do nome não tomada para palavra de ordem Pedro
Código de função Ilustrador / Técnico de desenho computorizado
701 #1 - Nome de autor-pessoa física (co-responsabilidade principal)
Palavra de ordem Alçada
Outra parte do nome não tomada para palavra de ordem Isabel
Elementos de identificação ou distinção pseud.
-- e outro
Datas 1950-
Código de função Autor / Co-autor
700 #1 - Nome de autor-pessoa física (responsabilidade principal)
Número de registo de entrada de autoridade 0002361
Palavra de ordem Magalhães
Outra parte do nome não tomada para palavra de ordem Ana Maria
Elementos de identificação ou distinção e outro
Datas 1946-
966 ## - Identificação da Biblioteca
Sigla EB2,3ENM
942 ## - Elementos de entrada adicionados (Koha)
Tipo de item no Koha Livro
Exemplares
Situação do levantamento Origin of item (home branch) (coded) Biblioteca de empréstimo Código de barras Cota Circulation type (not for loan) Tipo de documento Nota do exemplar Damaged status
  Biblioteca Escolar Eng. Nuno Mergulhão Biblioteca Escolar Eng. Nuno Mergulhão BENM815 82LP-3 MAG   Livro Sem mensagem